| 000 | 01635nam a2200265 i 4500 | ||
|---|---|---|---|
| 001 | 168064 | ||
| 003 | ES-MaACL | ||
| 005 | 20240215152719.0 | ||
| 008 | 940826s1599 sp |||| | spa d | ||
| 040 |
_aCYL _bspa _cCYL |
||
| 100 | 0 |
_aDiego de Yepes. _944563 |
|
| 245 | 1 | 0 |
_aHistoria particular de la persecucion de Inglaterra y de los martirios mas insignes que en ella a auido, desde el año del Señor 1570 _b: en la qual se descubren los efectos lastimosos de la heregia y las mudanças que suele causar en las Republicas ... / _crecogidas por el Padre Fray Diego de Yepes ... Obispo de Taraçona ... |
| 260 |
_aEn Madrid : _bpor Luis Sanchez, _c1599. |
||
| 300 |
_a[16], 894 [i.e. 864], [24] p. ; _c4º. |
||
| 510 |
_aCCBE S. XVI, _cY, 24 |
||
| 530 | _aDisponible en formato digital. | ||
| 596 | _aColofón en v. de port. y al final del texto. | ||
| 597 | _aSign.: ¶8, A-Z8, Aa-Zz8, Aaa-Iii8, Kkk4. | ||
| 597 | _aError de pág., de p. 272 pasa a 277, de p. 389 a 400, de p. 575 a 578, de p. 672 a 677 y de p. 792 a 803. | ||
| 650 | 4 |
_aPersecuciones religiosas- _zGran Bretaña. _9140889 |
|
| 852 |
_aES-MaACL _jR-3366 _9174554 _dOlim: G-1588 _zCotejado con la relación de obras recuperadas expediente Robo _zCambio de signatura. Datos tomados del fichero topográfico R _qFalto de la h. 3K4 _xEncuadernación en pergamino _hAnot. ms. de la donación del libro al convento de S. Gabriel por Gaspar Fernandez _gEx-libris ms. de Fr. Andrés de Sta. María |
||
| 856 |
_uhttp://bdh-rd.bne.es/viewer.vm?id=0000007342&page=1 _zBiblioteca Digital Hispánica |
||
| 942 | _2udc | ||
| 999 |
_c168064 _d168064 |
||